00381nam a22001097a 4500040000900000082001200009100001700021110003400038245014200072260004400214650001300258 cNUST a200 THE aWaleed Asif  aSupervisor: Dr. Afshan Naseem aTH-SOF-2114-A Model for Sustainable Performance Impact of Green Innovation and Moderating Effect of Green Human Capital on Sustainability aISLAMABAD:bNUST COLLEGE OF EME,c2022. aMS-EM-19